Statistics for Lithuanian City Names in Polish

Click here to take the quiz!

General Stats

  • This quiz has been taken 44 times
  • The average score is 11 of 30

Answer Stats

PolishLithuanian% Correct
WilnoVilnius
97%
KownoKaunas
89%
TrokiTrakai
61%
SzawleŠiauliai
55%
OlitaAlytus
50%
PołągaPalanga
47%
UcianaUtena
47%
Kozłowa RudaKazlų Rūda
39%
KiejdanyKėdainiai
39%
KupiszkiKupiškis
39%
PrenyPrienai
39%
RosienieRaseiniai
39%
BirsztanyBirštonas
37%
KielmyKelmė
37%
OniksztyAnykščiai
34%
JanówJonava
34%
PokrojePakruojis
34%
SzkudySkuodas
34%
PoswolPasvalys
32%
SzyrwintyŠirvintos
32%
KoszedaryKaišiadorys
29%
ŁoździejeLazdijai
29%
LandwarówLentvaris
29%
WiłkomierzUkmergė
26%
MalatyMolėtai
24%
SolecznikiŠalčininkai
24%
SzyłokarczmaŠilutė
16%
OranyVarėna
16%
JeziorosyZarasai
16%
JewieVievis
13%

Score Distribution

Percentile by Number Answered

Percent of People with Each Score

Your Score History

You have not taken this quiz